Priorities and expectations: men's and women's work, family life, and health

Bewaard in:
Bibliografische gegevens
Formaat: Texto
Tags: Voeg label toe
Geen labels, Wees de eerste die dit record labelt!

MARC

LEADER 00000 a a2200000 04500
001 44741
003
040
245 |a Priorities and expectations:   |b men's and women's work, family life, and health  
773 |g páginas 146-182  
999 |c 26755  |d 26755